000
00290nam a2200121Ia 4500
005
20251222143139.0
008
251222s9999||||xx |||||||||||||| ||spa||
082
_a
027.7/G96E
100
_a
Gutiérrez Muñoz, César
245
0
_a
Esto no solo es un sueño:
264
_b
PUCP
942
_c
LIB
999
_c
12217
_d
12217